Sejarah Tanah Suci dan hikmah ibadat haji
| Main Author: | |
|---|---|
| Format: | Book |
| Published: |
Kuala Lumpur :
Progressive Publishing House Sdn Bhd ,
1994
|
| Subjects: |
MARC
| LEADER | 00000cam a2200000 7i4500 | ||
|---|---|---|---|
| 001 | 0000003055 | ||
| 002 | 000003308 | ||
| 005 | 20000330.0 | ||
| 020 | |a 9839736213 | ||
| 090 | 0 | 0 | |a 297.352 |b MUS |
| 100 | 0 | |a Mustaffa Suhaimi | |
| 245 | 1 | 0 | |a Sejarah Tanah Suci dan hikmah ibadat haji |c Mustaffa Suhaimi |
| 260 | |a Kuala Lumpur : |b Progressive Publishing House Sdn Bhd , |c 1994 | ||
| 300 | |a 214 p. ; |c 19 cm. | ||
| 650 | 0 | 0 | |a Hajj |
| 999 | |a 00141812 |b BUKU |c PINJAMAN |e PERPUSTAKAAN KOMUNITI PETALING JAYA | ||
| 999 | |a 035671 |b BUKU |c PINJAMAN |e PERPUSTAKAAN KOMUNITI PETALING JAYA | ||